Get the Picture: ASOIAF Houses Quiz Stats

 Plays Quiz Updated May 19, 2019

Score 0/20 Timer 04:00
0 Plays Today
Question Answer Wrong Answers
Arya Stark
90.1%
Targaryen
2.1%
Lannister
1.6%
Baratheon
2.1%
Sansa Stark
89.8%
Targaryen
2.2%
Lannister
2%
Baratheon
1.9%
Brandon Stark
87.9%
Targaryen
2.3%
Lannister
2.2%
Baratheon
3.3%
Daenerys Targaryen
87.8%
Stark
3.9%
Lannister
1.9%
Baratheon
2.1%
Tywin Lannister
86.4%
Stark
3.7%
Targaryen
3%
Baratheon
2.4%
Jaime Lannister
86.2%
Stark
4.3%
Targaryen
2.5%
Baratheon
2.7%
Tyrion Lannister
86%
Stark
3.7%
Targaryen
3.3%
Baratheon
2.6%
Rhaenys Targaryen
85.9%
Stark
3.7%
Lannister
2.3%
Baratheon
3.6%
Benjen Stark
85.6%
Targaryen
2.9%
Lannister
2.9%
Baratheon
4.2%
Jaehaerys Targaryen
85.3%
Stark
4.1%
Lannister
2.7%
Baratheon
3.4%
Aegon Targaryen
84.4%
Stark
5.4%
Lannister
2.6%
Baratheon
3.4%
Stannis Baratheon
83.6%
Stark
4.6%
Targaryen
3.3%
Lannister
4%
Renly Baratheon
83.5%
Stark
5.1%
Targaryen
3.2%
Lannister
3.9%
Robert Baratheon
82.2%
Stark
7.1%
Targaryen
2.6%
Lannister
4.1%
Daeron Targaryen
77.5%
Stark
5.2%
Lannister
5.6%
Baratheon
7%
Tytos Lannister
63.1%
Stark
5.8%
Targaryen
10.8%
Baratheon
15.6%
Orys Baratheon
53%
Stark
7.8%
Targaryen
21.1%
Lannister
13.5%
Loren Lannister
48%
Stark
12.4%
Targaryen
6.2%
Baratheon
28.6%
Rogar Baratheon
38%
Stark
11.3%
Targaryen
36.7%
Lannister
8.9%
Cregan Stark
33.2%
Targaryen
11.5%
Lannister
20%
Baratheon
30.3%

Today's Daily Dose

You're not logged in!

Compare scores with friends on all Sporcle quizzes.
OR
Log In

Sporcle TV

Today on Sporcle TV


Watch our educational content, quiz creation guides, and fun videos on Sporcle TV.

Show Comments

Extras

Top Quizzes Today


Score Distribution

Your Account Isn't Verified!

In order to create a playlist on Sporcle, you need to verify the email address you used during registration. Go to your Sporcle Settings to finish the process.

Report this User

Report this user for behavior that violates our Community Guidelines.

Details: